| 000 | 01160nam a22002417a 4500 | ||
|---|---|---|---|
| 999 |
_c22188 _d22188 |
||
| 003 | AR-CdUCM | ||
| 008 | 190425b ||||| |||| 00| 0 spa d | ||
| 040 |
_aMUNICIPALIDAD PROVINCIAL DEL CUSCO _cBIBLIOTECA MUNICIPAL DEL CUSCO |
||
| 082 | _aOropesa/N°87/2013 | ||
| 245 |
_aOropesa : _brevista de cultura y educación de opinión y crítica / _cAmérico Valer Vargas, Director |
||
| 260 |
_aCusco. _bLezama, _c2013. |
||
| 300 |
_a18 páginas. : _bilustraciones ; _c30 cm. |
||
| 440 |
_aOropesa. _nAño XXXII, N°LXXXVII, setiembre 2013. _947612 |
||
| 505 | _aContenido: La agresividad escolar. -- Hablar quechua es un honor. -- Aspectos centrales del Centro Histórico del Cusco. -- Vuelos nocturnos impactos. -- La opresión del quechua. -- El primer altarero y florista del Cusco. -- XXI Festival del Pan. -- Necesidad prioritaria para impulsar el despegue con inclusión en Cusco. | ||
| 650 |
_aPolítica cusqueña _947381 |
||
| 650 |
_aCultura andina _947570 |
||
| 650 |
_aSociedad cusqueña _947493 |
||
| 650 |
_aSiglo XX _947561 |
||
| 700 |
_aValer Vargas, Alejandro _947563 |
||
| 700 |
_aGil Mora, Eduardo _946972 |
||
| 942 |
_2ddc _cPP |
||
| 945 | _arac | ||